Ирак или Иран? - Statistics

General Stats
  • This quiz has been taken 35 times
    34 since last reset
  • The average score is 13 of 20
Answer Stats
Question Answer % Correct
Ближе к Баку. Иран
84%
Страна производит собственные спутники. Иран
84%
Здесь действовала американская «зелёная зона». Ирак
81%
Азербайджанцы составляют более 20% населения. Иран
81%
Страна контролирует часть Ормузского пролива. Иран
81%
В этой стране была операция «Буря в пустыне». Ирак
77%
Здесь правил Саддам Хусейн. Ирак
77%
В этой стране находится древний город Вавилон. Ирак
77%
В этой стране находится город Басра. Ирак
71%
Здесь президент подчинён верховному духовному лидеру. Иран
68%
Здесь священным городом является Мешхед. Иран
65%
На территории есть горы Загрос. Иран
61%
В этой стране протекает река Тигр. Ирак
55%
Здесь был написан эпос «Эпос о Гильгамеше». Ирак
55%
Основная экономика базируется на добыче нефти. Оба
55%
Эта страна была колонией Османской империи. Ирак
48%
Является членом ОПЕК. Оба
48%
Не имеет дипломатических отношений с Израилем. Оба
48%
Имеет границу с Турцией. Оба
42%
Шииты составляют большинство населения. Оба
19%
No matching quizzes found
Score Distribution
Percent of People with Each Score
Percentile by Number Answered
Your Score History
You have not taken this quiz since the last reset